Pokémon - Rivaux - Aurore (DE/PS) - Statistiques

Statistiques générales
  • Ce quiz a été pris 7 fois
  • Le résultat moyen est 128 sur 285
Statistiques - réponses
Hint Réponse % Correct
Type Eau
100%
Type Fée
100%
Type Feu
100%
Type Insecte
100%
Type Normal
100%
Type Plante
100%
Type Sol
100%
Type Vol
100%
Niv 58
83%
Niv 59
83%
Niv 60
83%
Niv 64
83%
Niv 69
83%
Niv 70
83%
| | Cheniselle
83%
Type Combat
83%
Type Glace
83%
Nostenfer
83%
Pingoléon
83%
Type Psy
83%
Simiabraz
83%
Type Spectre
83%
Torterra
83%
Niv 68
67%
Niv 74
67%
Type Acier
67%
Capacités Ball'Ombre
67%
Bouldeneu
67%
Capacités Close Combat
67%
Corboss
67%
Capacités | Capacités (Ouisticram) Hydrocanon
67%
Maganon
67%
Mélodelfe
67%
Momartik
67%
Type Poison
67%
Capacités | Capacités (Tiplouf) Séisme
67%
Type Ténèbres
67%
Togekiss
67%
Capacités Tonnerre
67%
Arcanin
50%
Talent Brasier
50%
Coudlangue
50%
Capacités Déflagration
50%
Capacités (Tiplouf) Éboulement
50%
Capacités Éclats Glace
50%
Joliflor
50%
Capacités Lame de Roc
50%
Capacités Lame Feuille
50%
Capacités | Capacités (Ouisticram) Laser Glace
50%
Lockpin
50%
Mammochon
50%
Milobellus
50%
M. Mime
50%
Capacités Psyko
50%
Capacités Avalanche
33%
Capacités Bourdon
33%
Capacités Boutefeu
33%
Capacités Câlinerie
33%
Capidextre
33%
Capacités | Capacités (Tiplouf) Casse-Brique
33%
Capacités Danse Fleurs
33%
Capacités Doux Baiser
33%
Capacités (Tortipouss) Éco-Sphère
33%
Talent Engrais
33%
Capacités | Capacités (Tortipouss) Exploforce
33%
Jungko
33%
Capacités Lame d'Air
33%
Capacités Luminocanon
33%
Capacités Malédiction
33%
Capacités | Capacités (Tiplouf) Mégafouet
33%
Capacités Mur Lumière
33%
Capacités Pouvoir Lunaire
33%
Capacités Rayon Lune
33%
Capacités Tempête Verte
33%
Talent Torche
33%
Typhlosion
33%
Talent Attention
17%
Capacités Atterrissage
17%
Capacités Aurasphère
17%
Objet Baie Nanone
17%
Objet | Objet (Tiplouf) Baie Prine
17%
Objet Baie Sitrus
17%
Capacités (Tortipouss) Bombe Beurk
17%
Capacités Cage-Éclair
17%
Capacités Cage Éclair
17%
Objet Ceinture Force
17%
Objet Ceinture Pro
17%
Capacités Châtiment
17%
Talent Chlorophylle
17%
Capacités (Tiplouf) Clonage
17%
Capacités Coup Bas
17%
Capacités Demi-Tour
17%
Capacités (Tiplouf) Ébullition
17%
Talent (Tiplouf) Écaille Spéciale
17%
Capacités Éclat Magique
17%
Capacités Éruption
17%
Talent Esprit Vital
17%
Capacités Exuviation
17%
Capacités Feu Follet
17%
Capacités Fulmifer
17%
Talent Inconscient
17%
Talent Intimidation
17%
Talent Isograisse
17%
Capacités Lilliput
17%
Objet (Tortipouss) Lunettes Choix
17%
Capacités Martobois
17%
Objet Mouchoir Choix
17%
Capacités Nœud Herbe
17%
Objet | Objet (Ouisticram) Orbe Vie
17%
Capacités Papillodanse
17%
Capacités Piège de Roc
17%
Capacités Piqûre
17%
Capacités | Capacités (Tiplouf) Plénitude
17%
Capacités Poison Croix
17%
Capacités Protection
17%
Capacités Provoc
17%
Capacités Reflet
17%
Talent Régé-Force
17%
Objet Restes
17%
Talent Sérénité
17%
Capacités (Ouisticram) | Capacités (Tiplouf) Soin
17%
Talent Torrent
17%
Tortank
17%
Capacités Toxik
17%
Capacités Tranche-Nuit
17%
Capacités (Ouisticram) | Capacités (Tortipouss) Ultralaser
17%
Capacités Vitesse Extrême
17%
Capacités Abîme
0%
Objet Baie Kika
0%
Objet Baie Wiki
0%
Talent (Ouisticram) Battant
0%
Capacités Bluff
0%
Talent Chanceux
0%
Capacités Contre
0%
Talent Corps Maudit
0%
Capacités Coup Double
0%
Capacités Croc Fatal
0%
Talent Délestage
0%
Capacités Double Baffe
0%
Talent Envelocape
0%
Talent Filtre
0%
Talent Glissade
0%
Capacités Gyroballe
0%
Objet Herbe Blanche
0%
Objet Lentilscope
0%
Talent Maladresse
0%
Objet (Tiplouf) Orbe Flamme
0%
Capacités Passe-Passe
0%
Capacités Pied Voltige
0%
Objet Ralentiqueue
0%
Capacités Relais
0%
Rosabyss
0%
Capacités Souffle Glacé
0%
Talent Technicien
0%
Talent Tempo-Perso
0%
Capacités Vent Arrière
0%
Aucun quiz correspondant
Distribution des résultats
% des personnes avec chaque résultat
Percentile par nombre de réponses
Votre historique - résultats
Vous n’avez pas pris ce quiz